000
00226 a2200097 4500
001
42957
100
_a
Broki A.K
245
_a
Fundamental law of Pakistan
260
_a
Karachi
_b
Din Muhammadi press
_c
090
_c
26837
_d
26837
942
_a
NUST-CAE
_c
M
_c
18710
999
_c
278030
_d
278030